[Event "Clark Harmon Memorial"]
[Site "Chess.com INT"]
[Date "2020.04.05"]
[Round "?"]
[White "Jones, Davey V"]
[Black "Deng, Lily"]
[Result "1-0"]
[WhiteElo "1819"]
[BlackElo "1844"]
[PlyCount "67"]
[EventDate "2020.04.04"]
[EventType "swiss"]
[EventRounds "6"]
[EventCountry "USA"]
[SourceTitle "EXT 2024"]
[Source "ChessBase"]
[SourceDate "2023.10.10"]
[SourceVersion "1"]
[SourceVersionDate "2023.10.10"]
[SourceQuality "1"]

1. e4 e5 2. Nf3 Nc6 3. Bb5 Nf6 4. 0-0 Bc5 5. c3 0-0 6. d4 Bb6 7. dxe5 Nxe4 8. Bd3 Nc5 9. Bxh7+ Kh8 10. Bc2 d5 11. exd6 cxd6 12. Qd5 g6 13. Bg5 f6 14. Bh6 Be6 15. Qd2 Rg8 16. b4 Nd7 17. Qxd6 Bf5 18. Bxf5 gxf5 19. Qe6 Rg6 20. Bf4 Ne7 21. Rd1 Ne5 22. Rxd8+ Rxd8 23. Nbd2 Bxf2+ 24. Kxf2 Nd3+ 25. Kf1 Rxg2 26. Qxf6+ Rg7 27. Bh6 Rdg8 28. Qd4 Kh7 29. Bxg7 Rxg7 30. Qxd3 Ng6 31. Qxf5 Kh8 32. Re1 b6 33. Re8+ Kh7 34. Qh5# 1-0